Le Figaro artistique. (Record no. 868)

MARC details
000 -LEADER
campo de control de longitud fija 00923nas a2200229 i 4500
001 - NÚMERO DE CONTROL
campo de control 868
003 - IDENTIFICADOR DE NÚMERO DE CONTROL
campo de control ES-MaACL
005 - FECHA Y HORA DE LA ÚLTIMA TRANSACCIÓN
campo de control 20250812062550.0
008 - DATOS DE LONGITUD FIJA--INFORMACIÓN GENERAL
campo de control de longitud fija 950801d19231930fr | | 1 ||re d
080 ## - NÚMERO DE LA CLASIFICACIÓN DECIMAL UNIVERSAL
Número de la Clasificación Decimal Universal 44
245 03 - MENCIÓN DEL TÍTULO
Título Le Figaro artistique.
260 ## - PUBLICACIÓN, DISTRIBUCIÓN, ETC.
Lugar de publicación, distribución, etc. Paris :
Nombre del editor, distribuidor, etc. G. de Malherbe et Cie,
Fecha de publicación, distribución, etc. 1923-1930.
300 ## - DESCRIPCIÓN FÍSICA
Extensión 6 v. :
Otras características físicas grab. ;
Dimensiones 30 cm.
310 ## - PERIODICIDAD ACTUAL
Periodicidad actual Semanal
362 0# - FECHAS DE PUBLICACIÓN Y/O DESIGNACIÓN SECUENCIAL
Fecha de publicación y/o designación secuencial 1re année, n° 7 (1er novembre 1923)-5e année, n° 165 (27 octobre 1927) ; 5e année, n° 166 (3 novembre 1927)-7e année, n° 242 (18 juillet 1929) ; 7e année, janvier 1930-juin 1930.
500 ## - NOTA GENERAL
Nota general A partir del n. 124 aparece el año de publicación de la revista (año IV.
650 17 - PUNTO DE ACCESO ADICIONAL DE MATERIA--TÉRMINO DE MATERIA
Término de materia o nombre geográfico como elemento de entrada Arte
Fuente del encabezamiento o término embne
9 (RLIN) 10068
785 00 - ENTRADA/ENLACE A UN TÍTULO POSTERIOR
Título Le Figaro. Supplément artistique
852 ## - LOCALIZACIÓN
Ubicación ES-MaACL
Número de control de estantería Hem-304
866 #0 - MENCIÓN TEXTUAL DE FONDOS--UNIDAD BIBLIOGRÁFICA BÁSICA
Fondos (1923)(1924f.n.19y26y31-34y36y38-39y45y49)(1925f.n.64y75)(1926f.n.101y116)(1927f.n.173)(1928f.n.179)(1929).
Holdings
Estatus retirado Estado de pérdida Estado de daño No para préstamo Colección Biblioteca de origen Biblioteca actual Ubicación en estantería Fecha de adquisición Fuente de adquisición Total de préstamos Signatura topográfica completa Código de barras Visto por última vez Precio de reemplazo Tipo de ítem Koha
        Periódicos y Revistas Biblioteca del Ateneo de Madrid Biblioteca del Ateneo de Madrid Depósito 1 17/01/2008     Hem-304 1000884 23/02/2023 23/02/2023 Revista